Normal view
MARC view
- Malacara, Daniel,
Entry Personal Name
001 - CONTROL NUMBER
- control field: 38478
003 - CONTROL NUMBER IDENTIFIER
- control field: OSt
005 - DATE AND TIME OF LATEST TRANSACTION
- control field: 20151012105723.0
008 - FIXED-LENGTH DATA ELEMENTS
- fixed length control field: 151012|| aca||aabn | a|a d
040 ## - CATALOGING SOURCE
- Original cataloging agency: OSt
100 1# - HEADING--PERSONAL NAME
- Personal name: Malacara, Daniel,
- Dates associated with a name: 1937-
400 1# - SEE FROM TRACING--PERSONAL NAME
- Personal name: Malacara, D. |q (Daniel),
- Dates associated with a name: 1937-
400 1# - SEE FROM TRACING--PERSONAL NAME
- Personal name: Malacara H., Daniel,
- Dates associated with a name: 1937-
400 1# - SEE FROM TRACING--PERSONAL NAME
- Personal name: Malacara-HernaÌndez, Daniel,
- Dates associated with a name: 1937-
400 1# - SEE FROM TRACING--PERSONAL NAME
- Personal name: HernaÌndez, Daniel Malacara-
- Dates associated with a name: 1937-